Future space program and impact on range and network development ; proceedings of the AAS/New Mexico State University symposium, March 22-24, 1967, Las Cruces, New Mexico /

Bibliographic Details
Corporate Authors: American Astronautical Society, New Mexico State University
Other Authors: Morgenthaler, George W.
Format: Book
Language:English
Published: [©1967]
Series:AAS science and technology series ; v. 15.
Subjects:

MARC

Tag First Indicator Second Indicator Subfields
LEADER 00000cam a22000001 4500
001 in00000098479
005 20150926125513.0
008 700729s1967 dcua b 10000 eng
010 |a  68006344  
035 |a (OCoLC)00434054 
035 |9 AAL3419AM 
040 |a DLC  |c DLC  |d TXA  |d UtOrBLW 
043 |a n-us--- 
049 |a TXAM  |c [516273] 
050 0 0 |a TL789.8.U5  |b F8 
082 0 |a 629.4/0973 
245 0 0 |a Future space program and impact on range and network development ;  |b proceedings of the AAS/New Mexico State University symposium, March 22-24, 1967, Las Cruces, New Mexico /  |c Edited by George W. Morgenthaler. 
264 2 |a [Washington] :  |b American Astronautical Society; distributed by the AAS Publications Office, Tarzana, Calif.,  |c [1967] 
264 4 |c [©1967] 
300 |a xvi, 571 pages :  |b illustrations ;  |c 25 cm. 
336 |a text  |b txt  |2 rdacontent 
337 |a unmediated  |b n  |2 rdamedia 
338 |a volume  |b nc  |2 rdacarrier 
490 1 |a AAS science and technology series,  |v v. 15 
500 |a On cover: Space program impact on range development. 
504 |a Includes bibliographies. 
650 0 |a Astronautics  |z United States. 
700 1 |a Morgenthaler, George W. 
710 2 |a American Astronautical Society. 
710 2 |a New Mexico State University. 
740 0 |a Space program impact on range development. 
830 0 |a AAS science and technology series ;  |v v. 15. 
999 |a MARS 
999 f f |s 64d15e49-8cee-3aa5-bea3-51edcf3bce12  |i f1bd209f-9ce1-3999-8455-e8340327b423  |t 0 
952 f f |p ric  |a Texas A&M University  |b Rellis Campus  |c Joint Library Facility  |d Remote Storage  |t 0  |e TL789.8.U5 F8  |h Library of Congress classification  |i unmediated -- volume  |m A14805556443 
998 f f |a TL789.8.U5 F8  |t 0  |l Remote Storage